Biblioteca

Las crisis de Cristo (Registro nro. 66487)

Detalles MARC
000 -LÍDER
Campo fijo de descripción fija 01539nam a2200313 i 4500
001 - NÚMERO DE CONTROL
Campo de control 768714001
003 - IDENTIFICADOR DEL NÚMERO DE CONTROL
Campo de control CO-MdFUSB
005 - FECHA Y HORA DE LA ULTIMA TRANSACCIÓN
control field 20211104094556.0
007 - CAMPO FIJO DE DESCRIPCIÓN FIJA--INFORMACIÓN GENERAL
Campo fijo de descripción fija ta
008 - ELEMENTOS DE LONGITUD FIJA -- INFORMACIÓN GENERAL
Campo fijo de descripción fija -- Información general 200708t sp |||| |||| 00| 0 spa d
020 ## - NÚMERO INTERNACIONAL NORMALIZADO PARA LIBROS
Número Internacional Normalizado del libro 8472286398
040 ## - FUENTE DE CATALOGACIÓN
Agencia de catalogación original CO-MdFUSB
Idioma de catalogación spa
Agencia que realiza la transcripción CO-MdFUSB
Agencia que realiza la modificación CO-MdFUSBC
Convenciones de la descripción rda
041 ## - CÓDIGO DE IDIOMA
Código de idioma para texto/pista de sonido o título separado spa
Código de idioma original eng
082 ## - NÚMERO DE CLASIFICACIÓN DECIMAL DEWEY
Número de la edición del Dewey 23
Número de clasificación 232
Clave de autor-Numero de item M848
100 ## - ASIENTO PRINCIPAL--NOMBRE PERSONAL
Nombre personal Morgan, G. Campbell
Fechas asociadas con el nombre 1863-1945 ‎
Término relacionador autor
240 ## - TITULO UNIFORME
Título uniforme <a href="The crises of the christ">The crises of the christ</a>
245 14 - TÍTULO
Título del Material Las crisis de Cristo
Parte restante del título - Subtitulo : desde su nacimiento hasta la tentación
Mención de responsabilidad, etc. / G. Campbell Morgan ; traducido por Alfredo Lionel Hunt
264 ## - PRODUCCIÓN, PUBLICACIÓN, DISTRIBUCIÓN, MANUFACTURA, Y COPYRIGHT
Lugar de producción, publicación, distribución, manufactura España :
Nombre del productor, publicador, distribuidor Ediciones Hebron,
Fecha de producción, publicación, distribución, manufactura, o copyright [Fecha de publicación no identificada]
300 ## - DESCRIPCIÓN FÍSICA
Dimensiones Tomo 1 ,150 páginas ;
Extensión 19 cm
336 ## - TIPO DE CONTENIDO
Fuente rdacontent
Término de tipo de contenido texto
Código de tipo de contenido txt
337 ## - TIPO DE MEDIO
Fuente rdamedia
Nombre del tipo de medio sin mediación
Código del tipo de medio n
338 ## - TIPO DE SOPORTE
Fuente rdacarrier
Nombre del tipo de soporte volumen
Código Tipo de soporte nc
505 ## - NOTA DE CONTENIDO
Nota de contenido con formato preestablecido La necesidad de cristo - El hombre caído -- El hombre distanciado por el pecado -- El hombre ignorante de Dios a causa del pecado -- El hombre en pecado no es semejante a Dios -- El nacimiento -- El gran ministerios - Dios Hombre -- El significado - Dios Estaba en Cristo -- Señales a los hijos de los hombres -- El bautismo -- La división del camino -- Luz sobre los años ocultos de Nazaret -- La visión de Juan -- La tentación - La primera tentación -- La segunda tentación -- La tercera tentación -- Conclusión-
563 ## - NOTA DE ENCUADERNACIÓN
Nota de encuadernación Rústico
650 #7 - ASIENTO SECUNDARIO DE MATERIA - TERMINO TEMÁTICO
9 (RLIN) 239
Término temático o nombre geográfico como elemento de entrada Cristología
700 ## - ASIENTO SECUNDARIO - NOMBRE PERSONAL
9 (RLIN) 5210
Nombre personal Hunt, Alfredo Lionel
Responsabilidad traductor
942 ## - TIPO DE MATERIAL (KOHA)
Tipo de Item KOHA Libros General
945 ## - INFORMACIÓN LOCAL DEL REGISTRO
Catalogador Dani
Existencias
Estado de Material Estado de Perdido Forma de Clasificación Estado de Dañado No para Préstamo Colección Biblioteca de Origen Biblioteca Permanente Fecha de Adquisición Área Total de Préstamos Signatura Topográfica Código de Barras Última vez visto Ejemplar/Existencia Fecha de Remplazo Tipo de Material
    Dewey Decimal Classification     Colección General Biblioteca FUSBC Biblioteca FUSBC 08/07/2020 CRISTIANISMO Y OTRAS DISCIPLINAS   G 232 M848c 1328 08/07/2020 Tomo 1, ej. 1 08/07/2020 Libros General

Biblioteca FUSBC | Teléfono: (57+4) 349 88 10 Ext. 141| WhatsApp (+57) 3005338115 
E-mail: biblioteca@unisbc.edu.co | Calle 76 87-14 Robledo Palenque, Medellín, Colombia

Con tecnología Koha